MARC-Details
| 000 -LEADER |
| fixed length control field |
02317pam a2200577 c 4500 |
| 001 - CONTROL NUMBER |
| control field |
1079408479 |
| 003 - CONTROL NUMBER IDENTIFIER |
| control field |
DE-101 |
| 005 - DATE AND TIME OF LATEST TRANSACTION |
| control field |
20260108144501.0 |
| 007 - PHYSICAL DESCRIPTION FIXED FIELD--GENERAL INFORMATION |
| fixed length control field |
tu |
| 008 - FIXED-LENGTH DATA ELEMENTS--GENERAL INFORMATION |
| fixed length control field |
151127s2016 gw ||||| |||| 00||||ger |
| 015 ## - NATIONAL BIBLIOGRAPHY NUMBER |
| National bibliography number |
16,A44 |
| Canceled/invalid national bibliography number |
15,N49 |
| Source |
dnb |
| 016 7# - NATIONAL BIBLIOGRAPHIC AGENCY CONTROL NUMBER |
| Source |
DE-101 |
| Record control number |
1079408479 |
| 020 ## - INTERNATIONAL STANDARD BOOK NUMBER |
| International Standard Book Number |
9783551761064 |
| Terms of availability |
Broschur : EUR 7.20 (AT), sfr 10.50 (freier Pr.), EUR 6.99 (DE) |
| 020 ## - INTERNATIONAL STANDARD BOOK NUMBER |
| International Standard Book Number |
355176106X |
| 024 3# - OTHER STANDARD IDENTIFIER |
| Standard number or code |
9783551761064 |
| 035 ## - SYSTEM CONTROL NUMBER |
| System control number |
(DE-599)DNB1079408479 |
| 035 ## - SYSTEM CONTROL NUMBER |
| System control number |
(OCoLC)957155146 |
| 035 ## - SYSTEM CONTROL NUMBER |
| System control number |
(OCoLC)932033422 |
| 040 ## - CATALOGING SOURCE |
| Original cataloging agency |
1245 |
| Language of cataloging |
ger |
| Transcribing agency |
DE-101 |
| Modifying agency |
9999 |
| Description conventions |
rda |
| 041 ## - LANGUAGE CODE |
| Language code of text/sound track or separate title |
ger |
| Language code of original |
jpn |
| 044 ## - COUNTRY OF PUBLISHING/PRODUCING ENTITY CODE |
| ISO country code |
XA-DE-HH |
| 082 74 - DEWEY DECIMAL CLASSIFICATION NUMBER |
| Field link and sequence number |
2\p |
| Classification number |
741.5 |
| Assigning agency |
DE-101 |
| Edition number |
23sdnb |
| 100 1# - MAIN ENTRY--PERSONAL NAME |
| Authority record control number or standard number |
(DE-588)1131739876 |
| -- |
https://d-nb.info/gnd/1131739876 |
| -- |
(DE-101)1131739876 |
| Personal name |
Aiba, Kyōko |
| Dates associated with a name |
1989- |
| Relator term |
Verfasser |
| Relationship |
aut |
| Relator term |
Künstler |
| Relationship |
art |
| Source of heading or term |
gnd |
| 240 10 - UNIFORM TITLE |
| Uniform title |
Haisha nante kirai da! |
| 245 10 - TITLE STATEMENT |
| Title |
I hate the dentist! |
| Statement of responsibility, etc. |
Kyoko Aiba ; aus dem Japanischen von Alexandra Klepper |
| 250 ## - EDITION STATEMENT |
| Edition statement |
Deutsche Ausgabe, 1. Aufl. |
| 264 #1 - PRODUCTION, PUBLICATION, DISTRIBUTION, MANUFACTURE, AND COPYRIGHT NOTICE |
| Place of production, publication, distribution, manufacture |
Hamburg |
| Name of producer, publisher, distributor, manufacturer |
Carlsen Verlag GmbH |
| Date of production, publication, distribution, manufacture, or copyright notice |
[2016] |
| 300 ## - PHYSICAL DESCRIPTION |
| Extent |
circa 194 Seiten |
| Dimensions |
18 cm |
| 336 ## - CONTENT TYPE |
| Content type term |
Text |
| Content type code |
txt |
| Source |
rdacontent |
| 336 ## - CONTENT TYPE |
| Content type term |
unbewegtes Bild |
| Content type code |
sti |
| Source |
rdacontent |
| 337 ## - MEDIA TYPE |
| Media type term |
ohne Hilfsmittel zu benutzen |
| Media type code |
n |
| Source |
rdamedia |
| 338 ## - CARRIER TYPE |
| Carrier type term |
Band |
| Carrier type code |
nc |
| Source |
rdacarrier |
| 490 0# - SERIES STATEMENT |
| Series statement |
Carlsen Manga! |
| 490 0# - SERIES STATEMENT |
| Series statement |
Boys love |
| 653 ## - INDEX TERM--UNCONTROLLED |
| Uncontrolled term |
(Produktform)Paperback / softback |
| 653 ## - INDEX TERM--UNCONTROLLED |
| Uncontrolled term |
(Zielgruppe)ab 15 Jahre bis 77 Jahre |
| 653 ## - INDEX TERM--UNCONTROLLED |
| Uncontrolled term |
(BISAC Subject Heading)CGN004210 |
| 653 ## - INDEX TERM--UNCONTROLLED |
| Uncontrolled term |
Boys Love |
| 653 ## - INDEX TERM--UNCONTROLLED |
| Uncontrolled term |
Boyslove |
| 653 ## - INDEX TERM--UNCONTROLLED |
| Uncontrolled term |
Manga-Einzelband |
| 653 ## - INDEX TERM--UNCONTROLLED |
| Uncontrolled term |
Schwule Liebe |
| 653 ## - INDEX TERM--UNCONTROLLED |
| Uncontrolled term |
Zahnarzt |
| 653 ## - INDEX TERM--UNCONTROLLED |
| Uncontrolled term |
(VLB-WN)1182: Hardcover, Softcover / Belletristik/Comic, Cartoon, Humor, Satire/Manga, Manhwa |
| 655 #7 - INDEX TERM--GENRE/FORM |
| Authority record control number or standard number |
(DE-588)4010427-8 |
| -- |
https://d-nb.info/gnd/4010427-8 |
| -- |
(DE-101)040104273 |
| Genre/form data or focus term |
Comic |
| Source of term |
gnd-content |
| 710 2# - ADDED ENTRY--CORPORATE NAME |
| Field link and sequence number |
1\p |
| Authority record control number or standard number |
(DE-588)2036434-9 |
| -- |
https://d-nb.info/gnd/2036434-9 |
| -- |
(DE-101)00492004X |
| Corporate name or jurisdiction name as entry element |
Carlsen Verlag |
| Relator term |
Verlag |
| Relationship |
pbl |
| Source of heading or term |
gnd |
| 856 42 - ELECTRONIC LOCATION AND ACCESS |
| Contact for access assistance |
X:MVB |
| Electronic format type |
text/html |
| Uniform Resource Identifier |
<a href="http://deposit.dnb.de/cgi-bin/dokserv?id=8f8ab86528694c3abcb0ba3acf89113f&prov=M&dok_var=1&dok_ext=htm">http://deposit.dnb.de/cgi-bin/dokserv?id=8f8ab86528694c3abcb0ba3acf89113f&prov=M&dok_var=1&dok_ext=htm</a> |
| Materials specified |
Inhaltstext |
| 883 1# - METADATA PROVENANCE |
| Field link and sequence number |
1\p |
| Creation process |
adb |
| Creation date |
20211002 |
| Assigning or generating agency |
DE-101 |
| Uniform Resource Identifier |
https://d-nb.info/provenance/plan#adb |
| 883 2# - METADATA PROVENANCE |
| Field link and sequence number |
2\p |
| Creation process |
dnb |
| Creation date |
20160229 |
| Assigning or generating agency |
DE-101 |
| Uniform Resource Identifier |
https://d-nb.info/provenance/plan#dnb |
| 942 ## - ADDED ENTRY ELEMENTS (KOHA) |
| Source of classification or shelving scheme |
Dewey Decimal Classification |
| Koha item type |
Manga |
| Suppress in OPAC |
No |